<?xml version="1.0" encoding="UTF-8"?>
<collection xmlns="http://www.loc.gov/MARC21/slim">
 <record>
  <leader>00630nam a2200181   4500</leader>
  <controlfield tag="001">1/21472</controlfield>
  <controlfield tag="008">980506s1949    it       d    00010 ita d</controlfield>
  <datafield tag="035" ind1=" " ind2=" ">
   <subfield code="l">22130</subfield>
  </datafield>
  <datafield tag="040" ind1=" " ind2=" ">
   <subfield code="a">GR-PeUP</subfield>
  </datafield>
  <datafield tag="082" ind1="0" ind2="0">
   <subfield code="a">470.041 NU</subfield>
  </datafield>
  <datafield tag="090" ind1=" " ind2=" ">
   <subfield code="a">R 470.041 NU</subfield>
  </datafield>
  <datafield tag="245" ind1="0" ind2="0">
   <subfield code="a">Nuovissimo dizionario tascabile Italiano Francese e Francese Italiano /</subfield>
   <subfield code="c">Coml.del Cesare Bergoglio.</subfield>
  </datafield>
  <datafield tag="260" ind1=" " ind2=" ">
   <subfield code="a">Milano :</subfield>
   <subfield code="b">Casa editrice Bietti,</subfield>
   <subfield code="c">1949.</subfield>
  </datafield>
  <datafield tag="300" ind1=" " ind2=" ">
   <subfield code="a">362 σ. ;</subfield>
   <subfield code="c">12 εκ.</subfield>
  </datafield>
  <datafield tag="650" ind1=" " ind2="4">
   <subfield code="a">Dictionaries.</subfield>
  </datafield>
  <datafield tag="651" ind1=" " ind2="0">
   <subfield code="a">Italian language</subfield>
   <subfield code="x">Dictionaries</subfield>
   <subfield code="x">French.</subfield>
  </datafield>
  <datafield tag="700" ind1="1" ind2=" ">
   <subfield code="a">Bergoglio, Cesare,</subfield>
   <subfield code="e">coml.</subfield>
  </datafield>
  <datafield tag="852" ind1=" " ind2=" ">
   <subfield code="a">INST</subfield>
   <subfield code="b">UNIPILB</subfield>
   <subfield code="c">REF</subfield>
   <subfield code="e">20040709</subfield>
   <subfield code="h">R 470.041 NU</subfield>
   <subfield code="p">00128753</subfield>
   <subfield code="q">00128753</subfield>
   <subfield code="t">NOLOAN</subfield>
   <subfield code="y">23</subfield>
   <subfield code="4">1</subfield>
  </datafield>
 </record>
</collection>
